Hermeneutics and Unification theology /

Bibliographic Details
Other Authors: Bryant, M. Darrol, Foster, Durwood
Format: Book
Language:English
Published: Barrytown, N.Y. : Unification Theological Seminary ; [1980]
Edition:1st ed.
Series:Conference series (Unification Theological Seminary) ; no. 5.
Subjects:

MARC

Tag First Indicator Second Indicator Subfields
LEADER 00000cam a2200000 a 4500
001 in00000090374
005 20151008063650.0
008 800930s1980 nyua 10000 engm
010 |a  80066201  
020 |a 0932894054 (pbk.) 
035 |a (OCoLC)06890546 
035 |9 AAK2697AM 
040 |a DLC  |c DLC  |d m.c.  |d TXA  |d UtOrBLW 
049 |a TXAM  |c [1481885] 
050 0 0 |a BX9750.S4  |b H47 
082 0 |a 230/.99  |2 19 
245 0 0 |a Hermeneutics and Unification theology /  |c edited by Darrol Bryant, Durwood Foster. 
250 |a 1st ed. 
264 1 |a Barrytown, N.Y. :  |b Unification Theological Seminary ;  |c [1980] 
264 2 |a New York, N.Y. :  |b Distributed by the Rose of Sharon Press, 
264 4 |c ©1980 
300 |a xi, 154 pages :  |b illustrations ;  |c 23 cm. 
336 |a text  |b txt  |2 rdacontent 
337 |a unmediated  |b n  |2 rdamedia 
338 |a volume  |b nc  |2 rdacarrier 
490 1 |a Conference series / Unification Theological Seminary ;  |v no. 5 
610 2 0 |a Unification Church  |x Congresses. 
650 0 |a Hermeneutics  |v Congresses. 
700 1 |a Bryant, M. Darrol. 
700 1 |a Foster, Durwood. 
830 0 |a Conference series (Unification Theological Seminary) ;  |v no. 5. 
999 |a MARS 
999 f f |s 0f43d6da-b505-3d06-a924-bb40975c5cff  |i 8a118ae5-adad-3df3-8203-6fe731bf32ac  |t 0 
952 f f |p ric  |a Texas A&M University  |b Rellis Campus  |c Joint Library Facility  |d Remote Storage  |t 0  |e BX9750.S4 H47  |h Library of Congress classification  |i unmediated -- volume  |m A14806093286 
998 f f |a BX9750.S4 H47  |t 0  |l Remote Storage